1842 1816 1358 1741 1067 1644 1415 1737 1558 1309 1391 1144 1064 1319 1625 1232 1762 1670 1577 1178 1493 1279 1525 1854 1390 1112 1862 1714 1708 1444 1552 1799 1724 1434 1879 1945 1435 1280 1240 1043 1296 1412 1413 1084 1157 1453 1204 1024 1720 1228 1070 1971 1396 1465 1384 1266 1666 1839 1804 1199 1451 1672 1904 1584 1154 1221 1986 1731 1443 1018 1705 1508 1964 1449 1270 1730 1300 1378 1098 1827 1776 1478 1240 1143 1404 1511 1446 1480 1366 1177 1578 1359 1308 1081 1699 1659 1957 1235 1345 BCNSPRNW ULIB Ver.6.0+V

เปลี่ยนเป็นภาษาไทย

Change to English
 แสดงรายละเอียดบรรณานุกรม
  กลับหน้าหลัก

Brief Record : Get Marc (ISO 2709) : E-mail record : QR code < ปิดหน้าต่าง
LEADER : 00000nam 2200000uu 4500
001    13399112461
003     ULIB
008    110816s2550||||th 000 0 tha d
020    9744894717
050 04 HN700.55^bก766ค 2550
100 0  เกรียงศักดิ์ เจริญวงศ์ศักดิ์
245 10 คลื่นลูกที่ 5 ปราชญสังคม :^bสังคมไทยที่พึงประสงค์ในศตวรรษที่ 21 /^cเกรียงศักดิ์ เจริญวงศ์ศักดิ์
250    พิมพ์ครั้งที่ 9
260    กรุงเทพฯ :^bซัคเซส มีเดีย,^c2550
300    223 หน้า ;^c23 ซม
650  7 การปฏิรูปสังคม^zไทย
650  7 ปัญหาสังคม^zไทย
651  7 ไทย^xภาวะสังคม
945    ^p195^l0^i023084
945    ^p195^l0^i023085
995    ทศพร
999 ^a ทศพร
รายการนี้ยังไม่มีแท็ก
คุณยังไม่ได้ล็อกอิน คุณสามารถมีกิจกรรมร่วมกับเว็บไซต์ได้ แต่ต้องล็อกอินก่อน ::
  ล็อกอิน

รายการสื่อสารสนเทศ

ลำดับที่ ประเภท เลขเรียก/บาร์โค้ด สถานที่ สถานะ
- ไม่พบข้อมูล -

รายการใกล้เคียง
    ผู้แต่ง [เกรียงศักดิ์ เจริญวงศ์ศักดิ์]

BibComment


ยังไม่เคยถูกคอมเมนท์

คอมเมนท์ทรัพยากรรายการนี้
  คอมเมนท์: คลื่นลูกที่ 5 ปรา..


 Copyright 2026. Bcnsprnw @Library